10 Biggest Cities in the Philippines - Statistics

General Stats
  • This quiz has been taken 96 times
  • The average score is 4 of 10
Answer Stats
Population Answer % Correct
1,846,513 Manila
96%
2,960,048 Quezon City
71%
964,169 Cebu City
63%
1,776,949 Davao City
55%
1,661,584 Caloocan
32%
803,159 Pasig
25%
977,234 Zamboanga City
21%
1,223,595 Taguig
20%
728,402 Cagayan de Oro
18%
887,399 Antipolo
16%
No matching quizzes found
Score Distribution
Percent of People with Each Score
Percentile by Number Answered
Your Score History
You have not taken this quiz